000 00638cam a22001577a 4500
008 180718b2010 xxu||||| |||| 00| 0 eng d
082 _aA99 J185 M295r
245 _aProceedings of the National Seminar on the role of Babu Jagjivan Ram in promoting social justice in India, 16-17 December,2009
_cedited by Lokendra Malik and Kusum Lata
260 _aNew Delhi
_bIndian Institute of Public Administration
_c2010
300 _a176p.
650 _aIndia --Politics and government --1947-
650 _aIndia --Politics and government --1919-1947
650 _aRam, Jagjivan, 1908-1986
700 _aLata, Kusum
700 _aMalik, Lokendra
999 _c502066
_d502066